| 000 | 00344nam a2200133Ia 4500 | ||
|---|---|---|---|
| 005 | 20251223000719.0 | ||
| 008 | 251222s9999||||xx |||||||||||||| ||spa|| | ||
| 082 | _a381.485.21/S24 | ||
| 100 | _aSánchez Palacios, Humberto | ||
| 245 | 0 | _aGamarra hacia la Conquista del Mercado Exterior | |
| 250 | _a1ra.ed. | ||
| 264 | _bCAPYMEX | ||
| 942 | _cLIB | ||
| 999 |
_c41563 _d41563 |
||